<?xml version="1.0" encoding="UTF-8"?>
<record
    xmlns:xsi="http://www.w3.org/2001/XMLSchema-instance"
    xsi:schemaLocation="http://www.loc.gov/MARC21/slim http://www.loc.gov/standards/marcxml/schema/MARC21slim.xsd"
    xmlns="http://www.loc.gov/MARC21/slim">

  <leader>00886nam a22002537a 4500</leader>
  <controlfield tag="005">20170123162320.0</controlfield>
  <datafield tag="010" ind1=" " ind2=" ">
    <subfield code="a">B-050502</subfield>
  </datafield>
  <datafield tag="020" ind1=" " ind2=" ">
    <subfield code="a">100.00</subfield>
  </datafield>
  <datafield tag="035" ind1=" " ind2=" ">
    <subfield code="a">B-050502</subfield>
  </datafield>
  <datafield tag="037" ind1=" " ind2=" ">
    <subfield code="b">Cen Lib/Ret</subfield>
  </datafield>
  <datafield tag="040" ind1=" " ind2=" ">
    <subfield code="a">DPL</subfield>
    <subfield code="b">UR</subfield>
  </datafield>
  <datafield tag="082" ind1=" " ind2=" ">
    <subfield code="a">847</subfield>
    <subfield code="b">&#x67E; &#x631; &#x648; </subfield>
  </datafield>
  <datafield tag="100" ind1=" " ind2=" ">
    <subfield code="a">&#x67E;&#x631;&#x648;&#x6CC;&#x632; &#x6CC;&#x62F;&#x627;&#x644;&#x644;&#x6C1; &#x645;&#x6C1;&#x646;&#x62F;&#x6CC;    </subfield>
    <subfield code="9">116630</subfield>
  </datafield>
  <datafield tag="245" ind1=" " ind2=" ">
    <subfield code="a">&#x62A;&#x631;&#x6A9;&#x6CC; &#x628;&#x627; &#x62A;&#x631;&#x6A9;&#x6CC;  /</subfield>
    <subfield code="c">&#x67E;&#x631;&#x648;&#x6CC;&#x632; &#x6CC;&#x62F;&#x627;&#x644;&#x644;&#x6C1; &#x645;&#x6C1;&#x646;&#x62F;&#x6CC; </subfield>
    <subfield code="b">&#x62D;&#x62F;&#x6CC;&#x62B; &#x63A;&#x627;&#x634;&#x6CC;&#x6C1; /</subfield>
  </datafield>
  <datafield tag="246" ind1=" " ind2=" ">
    <subfield code="a">Turki ba turki /</subfield>
    <subfield code="b">by Parvez Yadullah Mehndi </subfield>
  </datafield>
  <datafield tag="260" ind1=" " ind2=" ">
    <subfield code="a">&#x62D;&#x6CC;&#x62F;&#x631;&#x622;&#x628;&#x627;&#x62F; </subfield>
    <subfield code="b">&#x632;&#x646;&#x62F;&#x6C1; &#x644;&#x627;&#x646; </subfield>
    <subfield code="c">2001</subfield>
  </datafield>
  <datafield tag="270" ind1=" " ind2=" ">
    <subfield code="b">&#x62D;&#x6CC;&#x62F;&#x631;&#x622;&#x628;&#x627;&#x62F;  </subfield>
    <subfield code="a">&#x663;&#x661;&#x60C; &#x645;&#x62C;&#x631; &#x62F;&#x627;&#x6AF;&#x627;&#x6C1; &#x645;&#x639;&#x638;&#x645; &#x62D;&#x627;&#x62C;&#x6CC; &#x645;&#x627;&#x631;&#x6A9;&#x6CC;&#x679; </subfield>
  </datafield>
  <datafield tag="300" ind1=" " ind2=" ">
    <subfield code="a">144p.</subfield>
    <subfield code="c">20cm(Hb)</subfield>
  </datafield>
  <datafield tag="650" ind1=" " ind2=" ">
    <subfield code="a">&#x627;&#x631;&#x62F;&#x648; &#x627;&#x62F;&#x628; </subfield>
    <subfield code="9">116631</subfield>
  </datafield>
  <datafield tag="650" ind1=" " ind2=" ">
    <subfield code="a">&#x627;&#x631;&#x62F;&#x648; &#x633;&#x648;&#x627;&#x646;&#x6D2; &#x639;&#x645;&#x631;&#x6CC; </subfield>
    <subfield code="9">116632</subfield>
  </datafield>
  <datafield tag="650" ind1=" " ind2=" ">
    <subfield code="a">Urdu literature </subfield>
    <subfield code="9">116633</subfield>
  </datafield>
  <datafield tag="650" ind1=" " ind2=" ">
    <subfield code="a">Urdu biography </subfield>
    <subfield code="9">511</subfield>
  </datafield>
  <datafield tag="942" ind1=" " ind2=" ">
    <subfield code="2">ddc</subfield>
    <subfield code="c">UR</subfield>
    <subfield code="h">847</subfield>
    <subfield code="m">&#x67E; &#x631; &#x648;  </subfield>
  </datafield>
  <datafield tag="999" ind1=" " ind2=" ">
    <subfield code="c">107013</subfield>
    <subfield code="d">107013</subfield>
  </datafield>
  <datafield tag="952" ind1=" " ind2=" ">
    <subfield code="0">0</subfield>
    <subfield code="1">0</subfield>
    <subfield code="4">0</subfield>
    <subfield code="7">0</subfield>
    <subfield code="a">L</subfield>
    <subfield code="b">L</subfield>
    <subfield code="d">2016-01-01</subfield>
    <subfield code="e">Cen Lib/Ret</subfield>
    <subfield code="g">100.00</subfield>
    <subfield code="l">1</subfield>
    <subfield code="o">847 &#x67E; &#x631; &#x648;</subfield>
    <subfield code="p">B-050502</subfield>
    <subfield code="r">2019-03-05 00:00:00</subfield>
    <subfield code="s">2019-03-02</subfield>
    <subfield code="t">1</subfield>
    <subfield code="v">100.00</subfield>
    <subfield code="w">2016-01-01</subfield>
    <subfield code="y">UR</subfield>
  </datafield>
</record>
